000
00322nam a22001337a 4500
008
250702b |||||||| |||| 00| 0 eng d
020
_a
922101007
050
_a
HD6972
_b
G46
100
_a
SEMINER
245
_a
Conciliation in Industrial Disputes
260
_a
Switzerland
_b
ILO
_c
1973
300
_a
viii, 133p.
942
_c
BK
999
_c
4067
_d
4067